00808nam a2200205 i 450000100060000000300090000600500170001500700030003200800410003510000260007624501660010225000150026826000510028330000220033470000400035670000370039685200310043399900170046495201210048191344ES-MaACL20251009173351.0t|050128s1952 sp ||||1| cat d1 aLeveroni, Rox.97193910aPresencia i record / cRox Leveroni ; amb proleg de Salvador Espriú ; precedit de la reedició de Epigrames i cançons amb una carta próleg de Carles Riba. a[1ª ed.]. a[Barcelona] : bOssa Menor, c1952 (fMinerva) a162 p. ; c18 cm.1 aEspriu, Salvador,d1913-19859479471 aRiba, Carles, d1893-1959996698 aES-MaACLjD-8337 bR.32807 c91344d91344 00104070aATENEOMbATENEOMcSVId2008-01-17eSCl0oD-8337p901095366r2023-02-23 00:00:00w2023-02-23yMONOGRAFIA